Books of plays (drama) (Record no. 2439)

MARC details
000 -LEADER
fixed length control field 00463nam a22001817a 4500
003 - CONTROL NUMBER IDENTIFIER
control field URS
005 - DATE AND TIME OF LATEST TRANSACTION
control field 20220114142136.0
008 - FIXED-LENGTH DATA ELEMENTS--GENERAL INFORMATION
fixed length control field 200117s2008 ph |||| |||| 00| 0 eng d
020 ## - INTERNATIONAL STANDARD BOOK NUMBER
International Standard Book Number 9718460128
040 ## - CATALOGING SOURCE
Transcribing agency URS
Language of cataloging eng
Modifying agency rda
050 14 - LIBRARY OF CONGRESS CALL NUMBER
Classification number PN 6120
Item number .C227 2008
100 ## - MAIN ENTRY--PERSONAL NAME
Personal name Canonigo,C.S
245 10 - TITLE STATEMENT
Title Books of plays (drama)
Statement of responsibility, etc. C.S Canonigo
260 ## - PUBLICATION, DISTRIBUTION, ETC.
Place of publication, distribution, etc. Metro Manila:
Name of publisher, distributor, etc. TCB Book Supply;
Date of publication, distribution, etc. [2008]
300 ## - PHYSICAL DESCRIPTION
Extent iv 188 pages
Dimensions 17 cm
650 ## - SUBJECT ADDED ENTRY--TOPICAL TERM
Topical term or geographic name entry element Drama
942 ## - ADDED ENTRY ELEMENTS (KOHA)
Source of classification or shelving scheme Library of Congress Classification
Koha item type Filipiniana
Holdings
Withdrawn status Source of classification or shelving scheme Damaged status Not for loan Collection code Home library Current library Shelving location Date acquired Total Checkouts Full call number Barcode Date last seen Price effective from Koha item type
  Library of Congress Classification     Non-fiction Cainta College Library Cainta College Library On Display 01/12/2018   PN 6120.C227 2008 URSCAI-3055 01/12/2018 01/12/2018 Filipiniana

University of Rizal System
Email us at univlibservices@urs.edu.ph

Visit our Website www.urs.edu.ph/library